Five on a Secret Trail / (Record no. 193972)
[ view plain ]
| 000 -LEADER | |
|---|---|
| fixed length control field | 00915 a2200157 4500 |
| 003 - CONTROL NUMBER IDENTIFIER | |
| control field | Nust |
| 005 - DATE AND TIME OF LATEST TRANSACTION | |
| control field | 20230120100426.0 |
| 040 ## - CATALOGING SOURCE | |
| Transcribing agency | Nust |
| 082 ## - DEWEY DECIMAL CLASSIFICATION NUMBER | |
| Classification number | 808.83,BLY |
| 100 ## - MAIN ENTRY--PERSONAL NAME | |
| Personal name | Betty Maxey |
| 9 (RLIN) | 107203 |
| 245 ## - TITLE STATEMENT | |
| Title | Five on a Secret Trail / |
| Remainder of title | Enid Blyton |
| 260 ## - PUBLICATION, DISTRIBUTION, ETC. | |
| Place of publication, distribution, etc. | london |
| Name of publisher, distributor, etc. | Hodder and Stoughton |
| Date of publication, distribution, etc. | 1970 |
| 300 ## - PHYSICAL DESCRIPTION | |
| Extent | 184p; |
| 505 ## - FORMATTED CONTENTS NOTE | |
| Formatted contents note | George is rather difficult (Page-7), Anne joins the little camp (Page-16), The Old Cottage and a Surprise (Page-25), That night (Page-34), That Boy again (Page-42), Storm in the night (Page-51), Queer Happenings (Page-60), All together again (Page-69), A Little Exploration (Page-77), What can be happening (Page-86), Interesting Discoveries (Page-95), A Good hiding place (Page-103), Well done George (Page-130), The Secret way (Page-139), Full of Surprises (Page-148), The way out (Page-158), Back to Kirrin Cottage (Page-168), The Adventure ends (Page-176). |
| 942 ## - ADDED ENTRY ELEMENTS (KOHA) | |
| Source of classification or shelving scheme | |
| Koha item type | Book |
| Withdrawn status | Lost status | Source of classification or shelving scheme | Damaged status | Not for loan | Permanent Location | Current Location | Shelving location | Date acquired | Shelving control number | Total Checkouts | Full call number | Barcode | Date last seen | Date last checked out | Price effective from | Koha item type | Public note |
|---|---|---|---|---|---|---|---|---|---|---|---|---|---|---|---|---|---|
| Military College of Signals (MCS) | Military College of Signals (MCS) | General Stacks | 12/12/2016 | English Literature | 3 | 808.83,BLY | MCS23072 | 12/29/2025 | 11/20/2025 | 12/12/2016 | Book | Almirah No.56, Shelf No.4 |
